Anleitung zu der Bergbaukunst nach ihrer Theorie und Ausübung, nebst einer Abhandlung von den Grundsätzen der Berg=Kammeralwissenschaft

Bibliographic Details
Main Author: Delius, Krištof Traugott, 1728-1779 (Author, Dedicator)
Other Authors: Würth, F. X. (Illustrator), Mannsfeld, Johann Ernst (Illustrator), Trattner, Johann Thomas von, 1719-1798 (Printer)
Format: Book
Language:German
PhysicalDescription:[18], 519, 45 s. XXIV obr. príl. 25 cm
Published: Wien gedruckt auf Unkosten des höchsten Aerarii bey Joh. Thomas Edlen v. Trattnern, kaiserl. königl. Hofbuchdruckern und Buchhändlern 1773
Subjects:

MARC

LEADER 00000cam a2200000 a 4500
001 vtls001337111
003 SK-MaSNL
005 20260301005928.0
008 240226s1773 au fb ger
015 |a SNBHFA 
035 |a SNK000290105 
035 |a urn:nbn:sk:snk-am3izfc 
035 |a CAF77407-D93B-45B1-82A5-6EF58B6C77C1 
035 |a urn:nbn:sk:snk-am00gdiv 
040 |a SNK  |b slo  |c SNK  |e AACR2 
041 0 |a ger 
044 |a au  |c AT 
072 7 |a 622  |x Baníctvo  |2 konspekt 
080 |a 622.23.05  |2 2011 
080 |a (075)  |2 2011 
100 1 |a Delius, Krištof Traugott,  |d 1728-1779  |4 aut  |4 dto  |9 100586 
245 1 0 |a Anleitung zu der Bergbaukunst nach ihrer Theorie und Ausübung, nebst einer Abhandlung von den Grundsätzen der Berg=Kammeralwissenschaft  |c für die Kaiserl. Königl. Schemnitzer Bergakademie entworfen, von Christoph Traugott Delius, Ihro Röm. Kaiserl. Königl. Apostol. Majestät wirklichen Hof= Kommissionsrathe bey Dero Hofkammer in Mün=- und Bergwesen 
260 |a Wien  |b gedruckt auf Unkosten des höchsten Aerarii bey Joh. Thomas Edlen v. Trattnern, kaiserl. königl. Hofbuchdruckern und Buchhändlern  |c 1773 
300 |a [18], 519, 45 s.  |b XXIV obr. príl.  |c 25 cm 
500 |a Titulná strana s rytinou signovanou F. X. Würthom a J. E. Mansfeldom. Vinety, vlysy, ozdobné linky, ozdobné iniciálky na 4, 5 r.. Zložky. Kustody 
504 |a Živé záhlavie. Úvod 
508 |a Venovanie autora Márii Terézii 
546 |a Nemčina  |b Fraktúra 
650 0 7 |a baníctvo  |2 SNKPH  |9 3571 
650 0 7 |a banská technika  |2 SNKPH  |9 79447 
655 7 |a učebnice  |2 SNKPH  |9 22521 
700 1 |a Würth, F. X.  |4 ill  |9 290975 
700 1 |a Mannsfeld, Johann Ernst  |4 ill  |9 290976 
700 1 |a Trattner, Johann Thomas von,  |d 1719-1798  |4 prt  |4 bsl  |9 179509 
700 0 |a Mária Terézia,  |c česká a uhorská kráľovna, cisárovná, manželka Františka Štefana I., rímskonemeckého cisára,  |d 1717-1780  |4 dte  |9 124055 
752 |a Rakúsko  |d Viedeň 
852 |a snk  |p SB 21441 
958 |a DD 
958 |a ONDV 
999 |c 546613  |d 548543 
952 |a SNK  |b SNK  |y PREZ  |7 0  |p 17A0149705  |o snkSB 21441  |i snkD 544/75  |8 1  |0 0  |1 0  |4 0  |d 1998-07-13  |f 1  |l 0  |r 2025-03-24 00:00:00  |w 2026-02-23